Index to resolutions of the economic and social council 1946-70 (Record no. 637331)

MARC details
000 -LEADER
fixed length control field 00699nam a2200229Ia 4500
003 - CONTROL NUMBER IDENTIFIER
control field OSt
005 - DATE AND TIME OF LATEST TRANSACTION
control field 20220926021642.0
008 - FIXED-LENGTH DATA ELEMENTS--GENERAL INFORMATION
fixed length control field 220923b |||||||| |||| 00| 0 eng d
037 ## - SOURCE OF ACQUISITION
Terms of availability General Book
040 ## - CATALOGING SOURCE
Original cataloging agency RTL
Transcribing agency RTL
Language of cataloging eng
041 ## - LANGUAGE CODE
Source of code eng
Language code of text/sound track or separate title eng
111 ## - MAIN ENTRY--MEETING NAME
Meeting name or jurisdiction name as entry element UNITED NATIONS , DAGHAMMARSKJOG LIBRARY
9 (RLIN) 326556
245 #0 - TITLE STATEMENT
Title Index to resolutions of the economic and social council 1946-70
260 ## - PUBLICATION, DISTRIBUTION, ETC.
Place of publication, distribution, etc. New York
Name of publisher, distributor, etc. United Nations
Date of publication, distribution, etc. 1981
300 ## - PHYSICAL DESCRIPTION
Extent iv,207p
Dimensions cm.
500 ## - GENERAL NOTE
General note Indexus to resolutions .no. 4
942 ## - ADDED ENTRY ELEMENTS (KOHA)
Classification part a14,IN45,73.N70<--N46
Koha item type General Books
Source of classification or shelving scheme Colon Classification (CC)
Holdings
Withdrawn status Lost status Damaged status Not for loan Home library Current library Date acquired Total Checkouts Full call number Barcode Date last seen Price effective from Koha item type
        Ratan Tata Library Ratan Tata Library 2022-09-26   a14,IN45,73.N70<--N46 RT0626816 2022-09-26 2022-09-26 General Books
Copyright @ Delhi University Library System